000 01265nam a2200241Ii 4500
003 JO-AjNU
005 20240626141000.0
008 230605s9999||||xx |||||||||||||| ||und||
040 _aJO-AjNU
_bara
_erda
_cJO-AjNU
041 _aara
050 1 4 _aJF56 2021
100 _aالقضاة، عبد الرحمن عبد اللطيف برهم
_eمعد
_965717
245 0 0 _aالدعوى الدستورية كضمانة قانونية لحماية قواعد القانون الدستوري "دراسة تحليلية" =" Constitutional Lawsuit as a Legal Guarantee for protection the Constitional Law rules "An Analytical Study
_c/ اعداد عبد الرحمن عبد اللطيف برهم القضاة ؛ اشراف محمد علي محمد بني مقداد
264 3 1 _a 2021
300 _a111 ورقة
336 _atext
_btxt
_2rdacontent
337 _aunmediated
_bn
_2rdamedia
338 _avolume
_bnc
_2rdacarrier
500 _aرسالة جامعية(اطروحة ماجستير) جامعة عجلون الوطنية: كلية الحقوق، تخصص القانون، 2021
650 4 _aالقانون الدستوري - الدعوى الدستورية
_961237
700 _aمحمد علي محمد بني مقداد
_eمشرف
_965718
942 _2lcc
_cTHS
999 _c31233
_d31233